LEADER 01193oam 2200313z- 450 001 996337195603316 005 20030616111704.0 010 $a88-15-07917-3 010 $a88-15-14376-9 035 $a(CKB)2470000000005227 035 $a(EXLCZ)992470000000005227 100 $a20220316c2009uuuu -u- - 101 0 $aita 200 14$aUna liberta? comparata $eliberta? religiosa, fondamentalismi e societa? multietniche /$fStefano Ceccanti 210 $cSocietā editrice il Mulino$aBologna 517 $aUna libertā comparata: Libertā religiosa, fondamentalismi e societā multietniche 517 $aUna libertā comparata. Libertā religiosa, fondamentalismi e societā multietniche 531 $aLIBERTĀ COMPARATA: LIBERTĀ RELIGIOSA, FONDAMENTALISMI E SOCIETĀ MULTIETNICHE 531 $alibertā comparata 606 $aFreedom of religion 606 $aReligious minorities$xLegal status, laws, etc 615 0$aFreedom of religion. 615 0$aReligious minorities$xLegal status, laws, etc. 676 $a342/.0852 700 $aCeccanti$b Stefano$0150608 906 $aBOOK 912 $a996337195603316 996 $aUna libertā comparata$92284853 997 $aUNISA LEADER 01261nam a2200265 a 4500 001 991000100949707536 008 020 $a9788879703222 035 $ab14429962-39ule_inst 040 $aDip.to di Storia, Societā e Studi sull'Uomo$bita 082 0 $a724.09 100 1 $aBossi, Paolo <1966- >$0510382 245 10$aIngegneri ducali e camerali nel Ducato e nello Stato di Milano, 1450-1706 :$bdizionario biobibliografico /$cPaolo Bossi, Santino Langé, Francesco Repishti 260 $aFirenze :$bEdifir,$c2007 300 $a196 p. ;$c30 cm 490 0 $aL'architetto e l'ingegnere 650 4$aArchitetti militari$xMilano$xSec. 15.-17.$xDizionari biografici 700 1 $aRepishti, Francesco $eauthor$4http://id.loc.gov/vocabulary/relators/aut$0286120 700 1 $aLangé, Santino$eauthor$4http://id.loc.gov/vocabulary/relators/aut$0388083 907 $a.b14429962$b25-02-22$c03-02-22 912 $a991000100949707536 945 $aLE023 Fondo Brambilla 1157$g1$i2023000212318$lle023$o-$pE23.50$q-$rn$so $t0$u0$v0$w0$x0$y.i15994223$z03-02-22 996 $aIngegneri ducali e camerali nel Ducato e nello Stato di Milano, 1450-1706$9766148 997 $aUNISALENTO 998 $ale023$b03-02-22$cm$da $e-$fita$git $h0$i0